000
00343pab a2200157 454500
008
180718b2011 xxu||||| |||| 00| 0 eng d
100
_a
Dasgupta, Swapan
245
_a
Righting the historians' wrongs
260
_c
2011
300
_a
p.64-67.
362
_a
Jan
650
_a
Religion
773
_a
Seminar
908
_a
N
909
_a
90337
999
_c
90337
_d
90337